书目信息 |
| 题名: |
暖通空调施工图解读
|
|
| 作者: | 曲云霞 主编 | |
| 分册: | ||
| 出版信息: | 北京 中国建筑工业出版社 2009.04 |
|
| 页数: | 164页 | |
| 开本: | 20cm | |
| 丛书名: | ||
| 单 册: | ||
| 中图分类: | TU83 | |
| 科图分类: | ||
| 主题词: | 建筑--空气调节 , 房屋建筑设备:空气调节设备 , 房屋建筑设备:采暖设备 , 建筑--通风 , 房屋建筑设备:通风设备 | |
| 电子资源: | ||
| ISBN: | 978-7-112-10611-0 | |
| 000 | 00738nam0 2200265 45 | |
| 001 | 0939762806 | |
| 005 | 20091013110421.89 | |
| 010 | @a978-7-112-10611-0@dCNY29.00 | |
| 100 | @a20090515d2009 ekmy0 y0120 ea | |
| 102 | @aCN@b130000 | |
| 102 | @aCN@b110000 | |
| 105 | @ay z 000yy | |
| 200 | 1 | @a暖通空调施工图解读@f曲云霞主编@Fqu yun xia zhu bian |
| 210 | @a北京@c中国建筑工业出版社@d2009.04 | |
| 215 | @a164页@d20cm | |
| 606 | 0 | @a建筑@x空气调节 |
| 606 | 0 | @a房屋建筑设备:空气调节设备 |
| 606 | 0 | @a房屋建筑设备:采暖设备 |
| 606 | 0 | @a建筑@x通风 |
| 606 | 0 | @a房屋建筑设备:通风设备 |
| 690 | @aTU83@v4 | |
| 701 | 0 | @a曲云霞@Aqu yun xia@4主编 |
| 801 | 0 | @aCN@c20091013 |
| 905 | @a10447@dTU83@eQ800 | |
| 906 | @d29@n2@r1 | |
| 暖通空调施工图解读/曲云霞主编.-北京:中国建筑工业出版社,2009.04 |
| 164页;20cm |
| ISBN 978-7-112-10611-0:CNY29.00 |
| ● |
| 相关链接 |
|
|
|
正题名:暖通空调施工图解读
索取号:TU83/Q800
 
预约/预借
| 序号 | 登录号 | 条形码 | 馆藏地/架位号 | 状态 | 备注 |
| 1 | 892588 | 208925886 | 建筑库201/201建筑库 51排2列3层/ [索取号:TU83/Q800] | 在馆 | |
| 2 | 892589 | 208925895 | 建筑库201/201建筑库 51排2列3层/ [索取号:TU83/Q800] | 在馆 |